[Event "ABC-4 2025 Groep B"]
[Site "Utrecht"]
[Date "2025.03.15"]
[Round "3.9"]
[White "Hylarides, Charlie Ronald"]
[Black "Elangkumaran, Anumitra"]
[Result "1-0"]
[WhiteFideId "9041758"]
[BlackFideId "8925125"]
[WhiteElo "1923"]
[BlackElo "1620"]

1. d4 {[%clk 00:55:16]} {[%emt 00:00:03]} d5 {[%clk 00:55:09]} {[%emt
00:00:12]} 2. c4 {[%clk 00:55:20]} {[%emt 00:00:06]} c6 {[%clk 00:55:13]}
{[%emt 00:00:07]} 3. Nc3 {[%clk 00:55:14]} {[%emt 00:00:15]} Nf6 {[%clk
00:55:07]} {[%emt 00:00:15]} 4. e3 {[%clk 00:55:09]} {[%emt 00:00:16]} Bf5
{[%clk 00:54:30]} {[%emt 00:00:47]} 5. cxd5 {[%clk 00:55:12]} {[%emt 00:00:07]}
cxd5 {[%clk 00:54:30]} {[%emt 00:00:10]} 6. Qb3 {[%clk 00:55:16]} {[%emt
00:00:06]} Qd7 {[%clk 00:52:17]} {[%emt 00:02:23]} 7. Nf3 {[%clk 00:54:37]}
{[%emt 00:00:48]} Nc6 {[%clk 00:51:49]} {[%emt 00:00:39]} 8. Ne5 {[%clk
00:51:24]} {[%emt 00:03:23]} Qc7 {[%clk 00:47:34]} {[%emt 00:04:25]} 9. Bb5
{[%clk 00:44:13]} {[%emt 00:07:21]} e6 {[%clk 00:42:13]} {[%emt 00:05:31]} 10.
Qa4 {[%clk 00:41:55]} {[%emt 00:02:28]} Nd7 {[%clk 00:39:20]} {[%emt 00:03:02]}
11. Nxc6 {[%clk 00:35:18]} {[%emt 00:06:47]} bxc6 {[%clk 00:38:48]} {[%emt
00:00:42]} 12. Bxc6 {[%clk 00:35:20]} {[%emt 00:00:09]} Rd8 {[%clk 00:36:44]}
{[%emt 00:02:14]} 13. Bd2 {[%clk 00:34:56]} {[%emt 00:00:34]} Be7 {[%clk
00:35:52]} {[%emt 00:01:02]} 14. Rc1 {[%clk 00:29:08]} {[%emt 00:05:58]} O-O
{[%clk 00:33:10]} {[%emt 00:02:51]} 15. Bxd7 {[%clk 00:28:11]} {[%emt
00:01:08]} Qxd7 {[%clk 00:32:12]} {[%emt 00:01:06]} 16. Qxd7 {[%clk 00:28:13]}
{[%emt 00:00:09]} Rxd7 {[%clk 00:32:16]} {[%emt 00:00:06]} 17. Ke2 {[%clk
00:25:57]} {[%emt 00:02:26]} Rb8 {[%clk 00:30:25]} {[%emt 00:02:01]} 18. Na4
{[%clk 00:25:36]} {[%emt 00:00:31]} Rdb7 {[%clk 00:29:10]} {[%emt 00:01:25]} 19.
b3 {[%clk 00:24:04]} {[%emt 00:01:42]} h6 {[%clk 00:28:01]} {[%emt 00:01:19]}
20. Nc5 {[%clk 00:21:56]} {[%emt 00:02:19]} Bxc5 {[%clk 00:26:59]} {[%emt
00:01:12]} 21. dxc5 {[%clk 00:21:02]} {[%emt 00:01:04]} Rc8 {[%clk 00:25:57]}
{[%emt 00:01:12]} 22. Ba5 {[%clk 00:15:47]} {[%emt 00:05:25]} e5 {[%clk
00:24:05]} {[%emt 00:02:02]} 23. Rhd1 {[%clk 00:14:26]} {[%emt 00:01:30]} Be6
{[%clk 00:22:31]} {[%emt 00:01:44]} 24. c6 {[%clk 00:12:42]} {[%emt 00:01:54]}
Re7 {[%clk 00:21:09]} {[%emt 00:01:32]} 25. b4 {[%clk 00:10:18]} {[%emt
00:02:35]} d4 {[%clk 00:19:35]} {[%emt 00:01:44]} 26. Rd2 {[%clk 00:07:12]}
{[%emt 00:03:16]} Bd5 {[%clk 00:18:32]} {[%emt 00:01:12]} 27. b5 {[%clk
00:05:37]} {[%emt 00:01:46]} Bxg2 {[%clk 00:17:36]} {[%emt 00:01:05]} 28. exd4
{[%clk 00:05:15]} {[%emt 00:00:32]} exd4+ {[%clk 00:17:02]} {[%emt 00:00:43]}
29. Kd3 {[%clk 00:04:44]} {[%emt 00:00:42]} Re5 {[%clk 00:13:57]} {[%emt
00:03:15]} 30. a4 {[%clk 00:03:39]} {[%emt 00:01:16]} a6 {[%clk 00:11:21]}
{[%emt 00:02:46]} 31. f4 {[%clk 00:01:39]} {[%emt 00:02:10]} Be4+ {[%clk
00:08:52]} {[%emt 00:02:39]} 32. Kxd4 {[%clk 00:01:43]} {[%emt 00:00:06]} Re7
{[%clk 00:06:56]} {[%emt 00:02:05]} 33. Kc5 {[%clk 00:01:19]} {[%emt 00:00:34]}
axb5 {[%clk 00:06:12]} {[%emt 00:00:54]} 34. axb5 {[%clk 00:01:06]} {[%emt
00:00:23]} Ra7 {[%clk 00:05:31]} {[%emt 00:00:52]} 35. Bb6 {[%clk 00:00:22]}
{[%emt 00:00:54]} Re7 {[%clk 00:04:43]} {[%emt 00:00:57]} 36. Rd8+ {[%clk
00:00:19]} {[%emt 00:00:13]} Rxd8 {[%clk 00:03:48]} {[%emt 00:01:05]} 37. Bxd8
{[%clk 00:00:28]} {[%emt 00:00:01]} Ra7 {[%clk 00:03:40]} {[%emt 00:00:18]} 38.
Kb6 {[%clk 00:00:17]} {[%emt 00:00:20]} Ra8 {[%clk 00:03:36]} {[%emt 00:00:14]}
39. c7 {[%clk 00:00:15]} {[%emt 00:00:12]} Rc8 {[%clk 00:03:08]} {[%emt
00:00:38]} 40. Kc5 {[%clk 00:00:20]} {[%emt 00:00:05]} Kf8 {[%clk 00:03:08]}
{[%emt 00:00:11]} 41. b6 {[%clk 00:00:16]} {[%emt 00:00:14]} Bb7 {[%clk
00:03:03]} {[%emt 00:00:15]} 42. Ra1 {[%clk 00:00:15]} {[%emt 00:00:11]} Ke8
{[%clk 00:02:52]} {[%emt 00:00:21]} 43. Ra7 {[%clk 00:00:15]} {[%emt 00:00:09]}
Ba8 {[%clk 00:01:58]} {[%emt 00:01:04]} 44. b7 {[%clk 00:00:17]} {[%emt
00:00:08]} Bxb7 {[%clk 00:02:06]} {[%emt 00:00:02]} 45. Rxb7 {[%clk 00:00:26]}
{[%emt 00:00:01]} Kd7 {[%clk 00:02:13]} {[%emt 00:00:03]} 46. Rb8 {[%clk
00:00:33]} {[%emt 00:00:02]} g5 {[%clk 00:01:41]} {[%emt 00:00:42]} 47. Rxc8
{[%clk 00:00:41]} {[%emt 00:00:03]} Kxc8 {[%clk 00:01:49]} {[%emt 00:00:01]} 48.
fxg5 {[%clk 00:00:48]} {[%emt 00:00:02]} hxg5 {[%clk 00:01:57]} {[%emt
00:00:03]} 49. Kd6 {[%clk 00:00:43]} {[%emt 00:00:15]} g4 {[%clk 00:01:58]}
{[%emt 00:00:09]} 50. Ke5 {[%clk 00:00:42]} {[%emt 00:00:11]} f5 {[%clk
00:01:33]} {[%emt 00:00:35]} 51. Kxf5 {[%clk 00:00:48]} {[%emt 00:00:04]} Kb7
{[%clk 00:01:29]} {[%emt 00:00:15]} 52. Kxg4 {[%clk 00:00:56]} {[%emt
00:00:02]} Ka7 {[%clk 00:01:37]} {[%emt 00:00:01]} 53. Kf5 {[%clk 00:00:38]}
{[%emt 00:00:27]} Kb7 {[%clk 00:01:45]} {[%emt 00:00:03]} 54. Ke6 {[%clk
00:00:46]} {[%emt 00:00:02]} Kc8 {[%clk 00:01:39]} {[%emt 00:00:16]} 55. Ke7
{[%clk 00:00:54]} {[%emt 00:00:02]} Kb7 {[%clk 00:01:48]} {[%emt 00:00:01]} 56.
Kd7 {[%clk 00:01:02]} {[%emt 00:00:02]} Ka7 {[%clk 00:01:57]} {[%emt 00:00:01]}
57. h4 {[%clk 00:01:05]} {[%emt 00:00:07]} Ka6 {[%clk 00:02:03]} {[%emt
00:00:05]} 58. c8=Q+ {[%clk 00:01:11]} {[%emt 00:00:04]} Ka7 {[%clk 00:02:10]}
{[%emt 00:00:02]} 59. Qc6 {[%clk 00:00:31]} {[%emt 00:00:51]} Kb8 {[%clk
00:02:12]} {[%emt 00:00:09]} 60. Bc7+ {[%clk 00:00:36]} {[%emt 00:00:04]} Ka7
{[%clk 00:02:19]} {[%emt 00:00:03]} 61. Qb6+ {[%clk 00:00:44]} {[%emt
00:00:03]} Ka8 {[%clk 00:02:28]} {[%emt 00:00:01]} 62. Qa6# {[%clk 00:00:52]}
{[%emt 00:00:01]} 1-0

[Event "ABC-4 2025 Groep B"]
[Site "Utrecht"]
[Date "2025.03.15"]
[Round "3.10"]
[White "Zeenni, Joseph"]
[Black "Ngangbam, Chingthang"]
[Result "0-1"]
[WhiteFideId "8971369"]
[BlackFideId "8869729"]
[WhiteElo "1813"]
[BlackElo "1920"]

1. e4 {[%clk 00:55:18]} {[%emt 00:00:01]} c5 {[%clk 00:55:13]} {[%emt
00:00:07]} 2. Nf3 {[%clk 00:55:23]} {[%emt 00:00:04]} Nc6 {[%clk 00:55:18]}
{[%emt 00:00:06]} 3. c3 {[%clk 00:55:27]} {[%emt 00:00:06]} d5 {[%clk
00:55:10]} {[%emt 00:00:19]} 4. exd5 {[%clk 00:55:30]} {[%emt 00:00:07]} Qxd5
{[%clk 00:55:15]} {[%emt 00:00:05]} 5. d4 {[%clk 00:55:26]} {[%emt 00:00:13]}
Bg4 {[%clk 00:54:38]} {[%emt 00:00:47]} 6. Be2 {[%clk 00:54:18]} {[%emt
00:01:17]} cxd4 {[%clk 00:54:38]} {[%emt 00:00:11]} 7. cxd4 {[%clk 00:54:20]}
{[%emt 00:00:09]} e6 {[%clk 00:54:31]} {[%emt 00:00:15]} 8. Nc3 {[%clk
00:54:21]} {[%emt 00:00:09]} Qa5 {[%clk 00:52:24]} {[%emt 00:02:17]} 9. O-O
{[%clk 00:53:24]} {[%emt 00:01:07]} Nf6 {[%clk 00:52:14]} {[%emt 00:00:19]} 10.
h3 {[%clk 00:49:23]} {[%emt 00:04:11]} Bh5 {[%clk 00:49:56]} {[%emt 00:02:27]}
11. Be3 {[%clk 00:46:02]} {[%emt 00:03:31]} Bb4 {[%clk 00:49:13]} {[%emt
00:00:53]} 12. Qb3 {[%clk 00:44:51]} {[%emt 00:01:22]} O-O {[%clk 00:43:15]}
{[%emt 00:06:07]} 13. a3 {[%clk 00:43:37]} {[%emt 00:01:24]} Bxc3 {[%clk
00:43:09]} {[%emt 00:00:16]} 14. bxc3 {[%clk 00:43:37]} {[%emt 00:00:10]} Qc7
{[%clk 00:42:04]} {[%emt 00:01:14]} 15. Rab1 {[%clk 00:39:02]} {[%emt
00:04:46]} b6 {[%clk 00:40:17]} {[%emt 00:01:58]} 16. c4 {[%clk 00:34:07]}
{[%emt 00:05:05]} Rfd8 {[%clk 00:36:34]} {[%emt 00:03:52]} 17. g4 {[%clk
00:33:23]} {[%emt 00:00:54]} Bg6 {[%clk 00:35:25]} {[%emt 00:01:19]} 18. Rbc1
{[%clk 00:29:49]} {[%emt 00:03:44]} Rac8 {[%clk 00:32:04]} {[%emt 00:03:30]} 19.
Rfd1 {[%clk 00:27:23]} {[%emt 00:02:36]} Qb7 {[%clk 00:28:36]} {[%emt
00:03:38]} 20. Nh4 {[%clk 00:25:21]} {[%emt 00:02:13]} Na5 {[%clk 00:25:11]}
{[%emt 00:03:35]} 21. Qa2 {[%clk 00:23:47]} {[%emt 00:01:44]} Be4 {[%clk
00:21:53]} {[%emt 00:03:27]} 22. Bf1 {[%clk 00:19:10]} {[%emt 00:04:48]} h6
{[%clk 00:20:49]} {[%emt 00:01:13]} 23. Bg2 {[%clk 00:18:33]} {[%emt 00:00:48]}
Bxg2 {[%clk 00:19:26]} {[%emt 00:01:32]} 24. Nxg2 {[%clk 00:18:41]} {[%emt
00:00:02]} Qf3 {[%clk 00:19:13]} {[%emt 00:00:22]} 25. Kh2 {[%clk 00:17:49]}
{[%emt 00:01:03]} Ne4 {[%clk 00:17:04]} {[%emt 00:02:19]} 26. Ne1 {[%clk
00:17:18]} {[%emt 00:00:41]} Qf6 {[%clk 00:15:56]} {[%emt 00:01:18]} 27. Qe2
{[%clk 00:16:55]} {[%emt 00:00:34]} Nb3 {[%clk 00:15:27]} {[%emt 00:00:39]} 28.
Rc2 {[%clk 00:14:50]} {[%emt 00:02:14]} Nxd4 {[%clk 00:14:26]} {[%emt
00:01:11]} 29. Bxd4 {[%clk 00:14:57]} {[%emt 00:00:04]} Rxd4 {[%clk 00:14:30]}
{[%emt 00:00:06]} 30. Rxd4 {[%clk 00:12:20]} {[%emt 00:02:47]} Qxd4 {[%clk
00:14:38]} {[%emt 00:00:02]} 31. Nf3 {[%clk 00:12:15]} {[%emt 00:00:15]} Qd6+
{[%clk 00:14:46]} {[%emt 00:00:02]} 32. Kg2 {[%clk 00:11:50]} {[%emt 00:00:35]}
Qf4 {[%clk 00:14:04]} {[%emt 00:00:51]} 33. Ne1 {[%clk 00:10:36]} {[%emt
00:01:25]} Rd8 {[%clk 00:10:31]} {[%emt 00:03:43]} 34. Kh1 {[%clk 00:06:30]}
{[%emt 00:04:16]} Nc5 {[%clk 00:07:19]} {[%emt 00:03:22]} 35. Rc3 {[%clk
00:02:09]} {[%emt 00:04:32]} Rd2 {[%clk 00:07:02]} {[%emt 00:00:26]} 36. Qf3
{[%clk 00:01:16]} {[%emt 00:01:04]} Rxf2 {[%clk 00:06:01]} {[%emt 00:01:11]} 37.
Qxf4 {[%clk 00:00:44]} {[%emt 00:00:42]} Rxf4 {[%clk 00:06:09]} {[%emt
00:00:02]} 38. Nd3 {[%clk 00:00:27]} {[%emt 00:00:27]} Rf3 {[%clk 00:05:57]}
{[%emt 00:00:21]} 0-1

[Event "ABC-4 2025 Groep B"]
[Site "Utrecht"]
[Date "2025.03.15"]
[Round "4.1"]
[White "Teianu, Maxim"]
[Black "Darie, Aden"]
[Result "1-0"]
[WhiteFideId "8926093"]
[BlackFideId "8971622"]
[WhiteElo "1986"]
[BlackElo "1878"]

1. d4 {[%clk 00:55:17]} {[%emt 00:00:02]} Nf6 {[%clk 00:55:03]} {[%emt
00:00:17]} 2. c4 {[%clk 00:55:22]} {[%emt 00:00:06]} e6 {[%clk 00:54:53]}
{[%emt 00:00:19]} 3. Nf3 {[%clk 00:55:26]} {[%emt 00:00:06]} b6 {[%clk
00:54:54]} {[%emt 00:00:09]} 4. g3 {[%clk 00:55:31]} {[%emt 00:00:06]} Ba6
{[%clk 00:54:39]} {[%emt 00:00:24]} 5. b3 {[%clk 00:55:23]} {[%emt 00:00:19]}
Bb4+ {[%clk 00:54:43]} {[%emt 00:00:05]} 6. Bd2 {[%clk 00:55:16]} {[%emt
00:00:17]} Be7 {[%clk 00:54:46]} {[%emt 00:00:08]} 7. Nc3 {[%clk 00:54:55]}
{[%emt 00:00:32]} c6 {[%clk 00:54:42]} {[%emt 00:00:14]} 8. e4 {[%clk
00:54:06]} {[%emt 00:00:59]} d5 {[%clk 00:54:44]} {[%emt 00:00:08]} 9. Bd3
{[%clk 00:53:59]} {[%emt 00:00:17]} Bb7 {[%clk 00:49:40]} {[%emt 00:05:14]} 10.
e5 {[%clk 00:50:27]} {[%emt 00:03:42]} Nfd7 {[%clk 00:49:34]} {[%emt 00:00:15]}
11. Qe2 {[%clk 00:50:04]} {[%emt 00:00:34]} Nf8 {[%clk 00:45:47]} {[%emt
00:03:57]} 12. O-O {[%clk 00:45:56]} {[%emt 00:04:18]} h5 {[%clk 00:44:36]}
{[%emt 00:01:21]} 13. h4 {[%clk 00:45:13]} {[%emt 00:00:53]} Nbd7 {[%clk
00:44:21]} {[%emt 00:00:26]} 14. Rfe1 {[%clk 00:43:10]} {[%emt 00:02:13]} Rc8
{[%clk 00:42:29]} {[%emt 00:02:01]} 15. Rad1 {[%clk 00:39:43]} {[%emt
00:03:38]} g6 {[%clk 00:42:22]} {[%emt 00:00:17]} 16. Ng5 {[%clk 00:37:45]}
{[%emt 00:02:08]} Nh7 {[%clk 00:40:46]} {[%emt 00:01:46]} 17. Nxe6 {[%clk
00:35:55]} {[%emt 00:02:00]} fxe6 {[%clk 00:40:50]} {[%emt 00:00:06]} 18. Bxg6+
{[%clk 00:36:03]} {[%emt 00:00:02]} Kf8 {[%clk 00:40:55]} {[%emt 00:00:06]} 19.
Qf3+ {[%clk 00:36:07]} {[%emt 00:00:05]} Ndf6 {[%clk 00:41:01]} {[%emt
00:00:04]} 20. exf6 {[%clk 00:34:56]} {[%emt 00:01:22]} Nxf6 {[%clk 00:40:59]}
{[%emt 00:00:12]} 21. Rxe6 {[%clk 00:33:36]} {[%emt 00:01:30]} Kg7 {[%clk
00:40:46]} {[%emt 00:00:23]} 22. Qf5 {[%clk 00:31:51]} {[%emt 00:01:54]} Rf8
{[%clk 00:40:31]} {[%emt 00:00:24]} 23. Bxh5 {[%clk 00:30:31]} {[%emt
00:01:31]} c5 {[%clk 00:38:48]} {[%emt 00:01:53]} 24. Rde1 {[%clk 00:30:14]}
{[%emt 00:00:28]} Rc7 {[%clk 00:38:21]} {[%emt 00:00:37]} 25. Bg5 {[%clk
00:28:40]} {[%emt 00:01:43]} 1-0

[Event "ABC-4 2025 Groep B"]
[Site "Utrecht"]
[Date "2025.03.15"]
[Round "4.2"]
[White "Heus, Daan"]
[Black "Katpatal, Akshaj"]
[Result "1/2-1/2"]
[WhiteFideId "8814652"]
[BlackFideId "8800165"]
[WhiteElo "1956"]
[BlackElo "1974"]

1. d4 {[%clk 00:55:17]} {[%emt 00:00:02]} Nf6 {[%clk 00:55:11]} {[%emt
00:00:10]} 2. c4 {[%clk 00:55:20]} {[%emt 00:00:07]} g6 {[%clk 00:55:16]}
{[%emt 00:00:06]} 3. g3 {[%clk 00:55:25]} {[%emt 00:00:04]} Bg7 {[%clk
00:55:19]} {[%emt 00:00:07]} 4. Bg2 {[%clk 00:55:30]} {[%emt 00:00:06]} O-O
{[%clk 00:54:23]} {[%emt 00:01:06]} 5. Nc3 {[%clk 00:55:34]} {[%emt 00:00:05]}
c6 {[%clk 00:53:28]} {[%emt 00:01:05]} 6. e4 {[%clk 00:54:22]} {[%emt
00:01:22]} d6 {[%clk 00:52:40]} {[%emt 00:00:58]} 7. Nf3 {[%clk 00:53:47]}
{[%emt 00:00:45]} Nbd7 {[%clk 00:51:22]} {[%emt 00:01:28]} 8. O-O {[%clk
00:53:28]} {[%emt 00:00:27]} e5 {[%clk 00:50:40]} {[%emt 00:00:52]} 9. d5
{[%clk 00:52:32]} {[%emt 00:01:06]} Nc5 {[%clk 00:48:14]} {[%emt 00:02:36]} 10.
Qe2 {[%clk 00:47:15]} {[%emt 00:05:28]} Ne8 {[%clk 00:44:47]} {[%emt 00:03:38]}
11. Ne1 {[%clk 00:43:10]} {[%emt 00:04:15]} cxd5 {[%clk 00:44:02]} {[%emt
00:00:55]} 12. cxd5 {[%clk 00:42:14]} {[%emt 00:01:05]} f5 {[%clk 00:43:51]}
{[%emt 00:00:22]} 13. f4 {[%clk 00:37:00]} {[%emt 00:05:23]} fxe4 {[%clk
00:43:33]} {[%emt 00:00:28]} 14. Nxe4 {[%clk 00:36:12]} {[%emt 00:00:58]} Nxe4
{[%clk 00:40:28]} {[%emt 00:03:15]} 15. Bxe4 {[%clk 00:32:41]} {[%emt
00:03:40]} Bh3 {[%clk 00:40:23]} {[%emt 00:00:15]} 16. Bg2 {[%clk 00:31:10]}
{[%emt 00:01:41]} Bxg2 {[%clk 00:40:21]} {[%emt 00:00:13]} 17. Kxg2 {[%clk
00:30:19]} {[%emt 00:01:00]} Nc7 {[%clk 00:38:57]} {[%emt 00:01:35]} 18. Nf3
{[%clk 00:28:26]} {[%emt 00:02:03]} Qd7 {[%clk 00:35:52]} {[%emt 00:03:14]} 19.
Qc4 {[%clk 00:23:57]} {[%emt 00:04:40]} Qf7 {[%clk 00:24:39]} {[%emt 00:11:22]}
20. Ng5 {[%clk 00:19:04]} {[%emt 00:05:04]} Qxd5+ {[%clk 00:21:38]} {[%emt
00:03:11]} 21. Qxd5+ {[%clk 00:19:12]} {[%emt 00:00:02]} Nxd5 {[%clk 00:21:35]}
{[%emt 00:00:14]} 22. Rd1 {[%clk 00:18:51]} {[%emt 00:00:30]} Nb4 {[%clk
00:21:26]} {[%emt 00:00:19]} 23. Rxd6 {[%clk 00:15:40]} {[%emt 00:03:20]} Rad8
{[%clk 00:17:26]} {[%emt 00:04:09]} 24. fxe5 {[%clk 00:08:09]} {[%emt
00:07:42]} Bxe5 {[%clk 00:15:45]} {[%emt 00:01:51]} 25. Re6 {[%clk 00:05:28]}
{[%emt 00:02:51]} Nd3 {[%clk 00:10:29]} {[%emt 00:05:26]} 26. Rxe5 {[%clk
00:03:49]} {[%emt 00:01:49]} Nxe5 {[%clk 00:09:36]} {[%emt 00:01:02]} 27. Ne6
{[%clk 00:03:56]} {[%emt 00:00:03]} Nd3 {[%clk 00:06:47]} {[%emt 00:02:57]} 28.
Nxf8 {[%clk 00:03:38]} {[%emt 00:00:30]} Rxf8 {[%clk 00:06:44]} {[%emt
00:00:13]} 29. Be3 {[%clk 00:03:13]} {[%emt 00:00:34]} Nxb2 {[%clk 00:06:28]}
{[%emt 00:00:26]} 30. Rb1 {[%clk 00:02:51]} {[%emt 00:00:33]} Nc4 {[%clk
00:05:49]} {[%emt 00:00:48]} 31. Bh6 {[%clk 00:02:41]} {[%emt 00:00:21]} Rf7
{[%clk 00:04:46]} {[%emt 00:01:10]} 32. Rc1 {[%clk 00:02:34]} {[%emt 00:00:20]}
Rc7 {[%clk 00:04:06]} {[%emt 00:00:45]} 33. Rf1 {[%clk 00:02:17]} {[%emt
00:00:32]} Rf7 {[%clk 00:03:03]} {[%emt 00:01:11]} 34. Rc1 {[%clk 00:02:08]}
{[%emt 00:00:20]} b5 {[%emt 00:00:34]} 35. a4 {[%emt 00:00:03]} a6 {[%emt
00:00:01]} 36. axb5 {[%emt 00:00:01]} axb5 37. Rb1 {[%emt 00:00:03]} 1/2-1/2

[Event "ABC-4 2025 Groep B"]
[Site "Utrecht"]
[Date "2025.03.15"]
[Round "4.3"]
[White "Garay, Enzo"]
[Black "De Wit, Evan"]
[Result "0-1"]
[WhiteFideId "8989948"]
[BlackFideId "8935949"]
[WhiteElo "1978"]
[BlackElo "2049"]

1. c4 {[%clk 00:54:38]} {[%emt 00:00:42]} e5 {[%clk 00:55:05]} {[%emt
00:00:15]} 2. d3 {[%clk 00:54:40]} {[%emt 00:00:07]} g6 {[%clk 00:54:55]}
{[%emt 00:00:21]} 3. Nc3 {[%clk 00:54:33]} {[%emt 00:00:17]} Bg7 {[%clk
00:54:58]} {[%emt 00:00:07]} 4. g3 {[%clk 00:54:31]} {[%emt 00:00:11]} Ne7
{[%clk 00:54:56]} {[%emt 00:00:11]} 5. Bg2 {[%clk 00:54:35]} {[%emt 00:00:07]}
O-O {[%clk 00:54:59]} {[%emt 00:00:07]} 6. e3 {[%clk 00:52:12]} {[%emt
00:02:33]} c6 {[%clk 00:53:51]} {[%emt 00:01:19]} 7. Nge2 {[%clk 00:50:59]}
{[%emt 00:01:23]} d5 {[%clk 00:52:40]} {[%emt 00:01:21]} 8. cxd5 {[%clk
00:48:20]} {[%emt 00:02:49]} cxd5 {[%clk 00:52:31]} {[%emt 00:00:19]} 9. d4
{[%clk 00:48:23]} {[%emt 00:00:07]} exd4 {[%clk 00:51:54]} {[%emt 00:00:47]} 10.
Nxd4 {[%clk 00:48:23]} {[%emt 00:00:10]} Nbc6 {[%clk 00:51:55]} {[%emt
00:00:10]} 11. O-O {[%clk 00:48:20]} {[%emt 00:00:13]} Be6 {[%clk 00:50:56]}
{[%emt 00:01:09]} 12. Nxe6 {[%clk 00:44:27]} {[%emt 00:04:03]} fxe6 {[%clk
00:50:52]} {[%emt 00:00:12]} 13. Qg4 {[%clk 00:44:21]} {[%emt 00:00:17]} Nf5
{[%clk 00:46:11]} {[%emt 00:04:52]} 14. Rd1 {[%clk 00:42:53]} {[%emt 00:01:38]}
Ne5 {[%clk 00:44:05]} {[%emt 00:02:16]} 15. Qe2 {[%clk 00:42:56]} {[%emt
00:00:05]} Nc6 {[%clk 00:38:33]} {[%emt 00:05:44]} 16. Bd2 {[%clk 00:37:18]}
{[%emt 00:05:47]} a6 {[%clk 00:36:20]} {[%emt 00:02:25]} 17. Rac1 {[%clk
00:36:23]} {[%emt 00:01:04]} Rc8 {[%clk 00:35:12]} {[%emt 00:01:18]} 18. Be1
{[%clk 00:26:28]} {[%emt 00:10:06]} Kh8 {[%clk 00:33:24]} {[%emt 00:01:58]} 19.
Na4 {[%clk 00:25:53]} {[%emt 00:00:45]} Qe7 {[%clk 00:31:57]} {[%emt 00:01:36]}
20. Bc3 {[%clk 00:22:44]} {[%emt 00:03:19]} b5 {[%clk 00:24:34]} {[%emt
00:07:34]} 21. Bxg7+ {[%clk 00:22:26]} {[%emt 00:00:28]} Kxg7 {[%clk 00:24:16]}
{[%emt 00:00:27]} 22. Nc3 {[%clk 00:20:56]} {[%emt 00:01:40]} Nd6 {[%clk
00:21:22]} {[%emt 00:03:05]} 23. b3 {[%clk 00:20:23]} {[%emt 00:00:44]} Qf6
{[%clk 00:20:07]} {[%emt 00:01:23]} 24. Rd2 {[%clk 00:19:43]} {[%emt 00:00:50]}
Nf7 {[%clk 00:19:22]} {[%emt 00:00:56]} 25. Qe1 {[%clk 00:17:17]} {[%emt
00:02:36]} Nb4 {[%clk 00:18:12]} {[%emt 00:01:20]} 26. a3 {[%clk 00:15:56]}
{[%emt 00:01:31]} Rxc3 {[%clk 00:17:56]} {[%emt 00:00:25]} 27. axb4 {[%clk
00:15:52]} {[%emt 00:00:14]} Rxb3 {[%clk 00:17:24]} {[%emt 00:00:42]} 28. Ra2
{[%clk 00:15:59]} {[%emt 00:00:03]} Rb2 {[%clk 00:16:22]} {[%emt 00:01:11]} 29.
Rc2 {[%clk 00:14:29]} {[%emt 00:01:40]} Rxc2 {[%clk 00:15:53]} {[%emt
00:00:40]} 30. Rxc2 {[%clk 00:14:35]} {[%emt 00:00:03]} Ne5 {[%clk 00:15:43]}
{[%emt 00:00:20]} 31. Qd1 {[%clk 00:12:57]} {[%emt 00:01:48]} Nc4 {[%clk
00:14:52]} {[%emt 00:01:01]} 32. h4 {[%clk 00:11:44]} {[%emt 00:01:23]} Ra8
{[%clk 00:12:58]} {[%emt 00:02:03]} 33. e4 {[%clk 00:11:32]} {[%emt 00:00:25]}
Rd8 {[%clk 00:11:40]} {[%emt 00:01:27]} 34. Qe1 {[%clk 00:10:50]} {[%emt
00:00:52]} d4 {[%clk 00:11:17]} {[%emt 00:00:43]} 35. Bf1 {[%clk 00:09:59]}
{[%emt 00:01:10]} d3 {[%clk 00:11:18]} {[%emt 00:00:09]} 36. Ra2 {[%clk
00:10:06]} {[%emt 00:00:03]} d2 {[%clk 00:11:12]} {[%emt 00:00:16]} 37. Qd1
{[%clk 00:10:08]} {[%emt 00:00:08]} Nb2 {[%clk 00:11:14]} {[%emt 00:00:08]} 38.
e5 {[%clk 00:09:36]} {[%emt 00:00:43]} Qxe5 {[%clk 00:11:14]} {[%emt 00:00:09]}
39. Qf3 {[%clk 00:09:33]} {[%emt 00:00:12]} d1=Q {[%clk 00:10:57]} {[%emt
00:00:28]} 40. Rxa6 {[%clk 00:09:34]} {[%emt 00:00:09]} Qxf3 {[%clk 00:10:42]}
{[%emt 00:00:12]} 0-1